The ruling passion : tales of nature and human nature /

Saved in:
Bibliographic Details
Main Author: Van Dyke, Henry, 1852-1933
Format: Book
Language:English
Published: New York : Charles Scribner's Sons, 1901.
LEADER 00769nam a2200193 a 4500
001 c000407677
003 CARM
005 00000000000000.0
008 s1901 nyua 00011 eng d
019 1 |a 4496226 
040 |a VDU  |c VDU 
082 0 4 |a 810.4  |2 19 
100 1 |a Van Dyke, Henry,  |d 1852-1933. 
245 1 4 |a The ruling passion :  |b tales of nature and human nature /  |c by Henry Van Dyke ; with illustrations by W. Appleton Clark. 
260 |a New York :  |b Charles Scribner's Sons,  |c 1901. 
300 |a x, 296 p. :  |b col. ill. ;  |c 20 cm. 
852 8 |b CARM  |h A3:AF19A0  |i A05690  |p 0583569  |f BK 
999 f f |i 8d6cc092-7f12-53b8-ae42-cc866be7d4e9  |s dad2dd0e-5dc3-5699-9507-cc30e5c340c7 
952 f f |p Can circulate  |a CAVAL  |b CAVAL  |c CAVAL  |d CARM 1 Store  |e A05690  |f A3:AF19A0  |h Other scheme  |i book  |m 0583569